| 000 | 01079cab a2200313 4500 | ||
|---|---|---|---|
| 001 | ABS59092 | ||
| 008 | 090401t1998 xxu||||| |||| 00| 0 eng d | ||
| 035 | _a(Sirsi) u87422 | ||
| 041 | _aeng | ||
| 245 | _aP.I. insurers` guide to the legal minefield | ||
| 260 | _c1998 | ||
| 350 | _a0 | ||
| 490 |
_aBuilding Engineer _v73(6) July/August 1998, 20-21(2) |
||
| 520 | _aReview of a seminar on professional indemnity insurance and areas of the law of concern to building consultants. Considers the three main areas in which a consultants liability can arise; Tort, Contract and Breach of Statutory Duty. | ||
| 650 | _aBREACH OF STATUTORY DUTY | ||
| 650 | _aCONSULTANTS LIABILITIES | ||
| 650 | _aCONTRACT | ||
| 650 | _aDILIGENCE | ||
| 650 | _aDUTY OF CARE | ||
| 650 | _aFINANCIAL LOSS | ||
| 650 | _aLATENT DAMAGE ACT 1986 | ||
| 650 | _aLIMITATION PERIODS | ||
| 650 | _aPROFESSIONAL INDEMNITY INSURANCE | ||
| 650 | _aREASONABLE SKILL | ||
| 650 | _aTORT | ||
| 690 | _aMANAGEMENT-BUSINESS MANAGEMENT-PROFESSIONAL PRACTICE | ||
| 942 | _n0 | ||
| 948 | _c16/07/1998 | ||
| 999 |
_c55132 _d55132 |
||